000 00359 a2200133 4500
000 nam a22 7a 4500
100 _a Watson, James D
110 _a Watson, James D
245 _aMolecular Biology of the Gene: An Indian Adaptation
250 _a9th/Latest edition
260 _bCBS Publication
_c2026
264 _bCBS Publication
_c2026
942 _cBK
999 _c396783
_d396783